| 000 | 00524nam a2200181 a 4500 | ||
|---|---|---|---|
| 005 | 20140412111250.0 | ||
| 008 | 010330s19uu xx 00 eng d | ||
| 020 | _a1-55799-060-3 | ||
| 050 |
_aTR(GS 808 _bEVA 1987 |
||
| 100 | _aEvans, Joy | ||
| 245 |
_aCreative writing ideas, level 1-6 : _bteacher resource book / _cJoy Evans & Jo Ellen Moore. |
||
| 260 |
_aU. S. A : _bEvan-Moor, _c1987. |
||
| 300 | _a78 p. | ||
| 440 | _aHelping Children Learn | ||
| 650 | _aWriting | ||
| 650 | _aTeacher resources | ||
| 999 |
_c103094 _d103094 |
||